Guide to scientific computing. (Record no. 2937)
[ view plain ]
| 000 -LEADER | |
|---|---|
| fixed length control field | 00667nam a22002417a 4500 |
| 003 - CONTROL NUMBER IDENTIFIER | |
| control field | OSt |
| 005 - DATE AND TIME OF LATEST TRANSACTION | |
| control field | 20220107122712.0 |
| 008 - FIXED-LENGTH DATA ELEMENTS--GENERAL INFORMATION | |
| fixed length control field | 130424b xxu||||| |||| 00| 0 eng d |
| 020 ## - INTERNATIONAL STANDARD BOOK NUMBER | |
| International Standard Book Number | 9780230574175 |
| 040 ## - CATALOGING SOURCE | |
| Transcribing agency | IIITM-K |
| 082 ## - DEWEY DECIMAL CLASSIFICATION NUMBER | |
| Classification number | 518.0285 TUR/G |
| 100 ## - MAIN ENTRY--PERSONAL NAME | |
| Personal name | Turner, Peter R |
| 9 (RLIN) | 72 |
| 245 ## - TITLE STATEMENT | |
| Title | Guide to scientific computing. |
| Statement of responsibility, etc. | by Peter R Turner |
| 250 ## - EDITION STATEMENT | |
| Edition statement | 2nd ed. |
| 260 ## - PUBLICATION, DISTRIBUTION, ETC. | |
| Place of publication, distribution, etc. | India, |
| Name of publisher, distributor, etc. | Palgrave Macmillan, |
| Date of publication, distribution, etc. | 2007. |
| 300 ## - PHYSICAL DESCRIPTION | |
| Extent | ix, 301p. |
| 440 ## - SERIES STATEMENT/ADDED ENTRY--TITLE | |
| Title | Macmillan Maathemetical Guides |
| 9 (RLIN) | 279 |
| 650 ## - SUBJECT ADDED ENTRY--TOPICAL TERM | |
| Topical term or geographic name entry element | COMPUTATIONAL SCIENCE |
| 9 (RLIN) | 73 |
| 650 ## - SUBJECT ADDED ENTRY--TOPICAL TERM | |
| Topical term or geographic name entry element | NEUMERICAL ANALYSIS |
| 9 (RLIN) | 74 |
| 650 ## - SUBJECT ADDED ENTRY--TOPICAL TERM | |
| Topical term or geographic name entry element | SCIENTIFIC COMPUTING |
| 9 (RLIN) | 280 |
| 650 ## - SUBJECT ADDED ENTRY--TOPICAL TERM | |
| Topical term or geographic name entry element | MATLAB |
| 9 (RLIN) | 281 |
| 942 ## - ADDED ENTRY ELEMENTS (KOHA) | |
| Source of classification or shelving scheme | Dewey Decimal Classification |
| Koha item type | Books |
| Withdrawn status | Lost status | Source of classification or shelving scheme | Damaged status | Not for loan | Home library | Current library | Shelving location | Date acquired | Cost, normal purchase price | Total Checkouts | Full call number | Barcode | Date last seen | Date last checked out | Price effective from | Koha item type |
|---|---|---|---|---|---|---|---|---|---|---|---|---|---|---|---|---|
| Dewey Decimal Classification | Kerala University of Digital Sciences, Innovation and Technology Knowledge Centre | Kerala University of Digital Sciences, Innovation and Technology Knowledge Centre | Mathematics | 24/04/2013 | 619.00 | 4 | 518.0285 TUR/G | 2623 | 25/01/2023 | 07/12/2022 | 24/04/2013 | Books |